| 000 | 00808nam a2200217 4500 | ||
|---|---|---|---|
| 001 | 122348 | ||
| 003 | ES-MaACL | ||
| 005 | 20230906191947.0 | ||
| 007 | t| | ||
| 008 | 070214s1956 sp r ||||1| spa d | ||
| 100 | 1 |
_aPrieto Lorenzo, Antonio. _993933 |
|
| 245 | 1 | 3 |
_aLa anquilostomiasis / _cDr. Antonio Prieto Lorenzo. |
| 260 |
_aMadrid : _bDirección General de Sanidad, _c1956. |
||
| 300 |
_a57 p., 2 lám. : _bil. ; _c19 cm. |
||
| 490 | 1 |
_aColección de folletos para médicos, sobre temas de carácter sanitario ; _v46 |
|
| 650 | 4 |
_aAnquilostomiasis. _9151034 |
|
| 710 | 1 |
_aEspaña. _bDirección General de Sanidad. _93905 |
|
| 830 | 0 |
_aColección de folletos para médicos, sobre temas de carácter sanitario ; _v46 _9186563 |
|
| 852 |
_aES-MaACL _j1991-F-2 _bR.38608 |
||
| 999 |
_c122348 _d122348 |
||